Actinides - Sudden Death - Statistics

General Stats
  • This quiz has been taken 6 times
  • The average score is 6 of 14
Answers on the Grid
Answers color-coded by a green-red scale on the quiz's grid according to % correct below.
Actinium
Thorium
Astatine
Uranium
Neptunium
Selenium
Rhenium
Curium
Tungsten
Californium
Einsteinium
Barium
Thallium
Nobelium
Vanadium
Tungsten
Praseodymium
Protactinium
Plutonium
Krypton
Rhodium
Americium
Barium
Lawrencium
Bohrium
Lead
Berkelium
Mendelevium
Polonium
Arsenic
 
Answer Stats
Answer % Correct
Protactinium
67%
Actinium
50%
Californium
50%
Einsteinium
50%
Mendelevium
50%
Neptunium
50%
Thorium
50%
Uranium
50%
Americium
33%
Berkelium
33%
Curium
33%
Lawrencium
33%
Nobelium
33%
Plutonium
33%
No matching quizzes found
Score Distribution
Percent of People with Each Score
Percentile by Number Answered
Your Score History
You have not taken this quiz